00465nam a2200181Ia 450000500170000000800410001702000180005804100080007608200150008410000170009924500470011625000120016326000340017530000090020950000250021865000230024370000170026620230502193052.0230125s9999 xx 000 0 und d a9789353502225 aeng a004.1bRAG aRagsdale C T aSpreadsheet Modeling And Decision Analysis a8th Ed. c2019bCengage LearningaIndia a844p aBusiness Analytics  aBusiness Analytics aRagsdale C T